Fr. Conceicao Rodrigues College of Engineering

C:complete reference (Record no. 21827)

MARC details
000 -LEADER
fixed length control field 00293nam a2200145Ia 4500
082 ## - DEWEY DECIMAL CLASSIFICATION NUMBER
Classification number 1.6424
Item number SCH
100 ## - MAIN ENTRY--PERSONAL NAME
Personal name Schildt/ Herbert
245 ## - TITLE STATEMENT
Title C:complete reference
260 ## - PUBLICATION, DISTRIBUTION, ETC.
Name of publisher, distributor, etc. Osborne
Place of publication, distribution, etc. Berkeley
Date of publication, distribution, etc. 1995
300 ## - PHYSICAL DESCRIPTION
Extent 839
546 ## - LANGUAGE NOTE
Language note ENGLISH
654 ## - SUBJECT ADDED ENTRY--FACETED TOPICAL TERMS
Focus term C
942 ## - ADDED ENTRY ELEMENTS (KOHA)
Koha item type BOOK
Holdings
Withdrawn status Lost status Damaged status Not for loan Collection Home library Current library Shelving location Date acquired Cost, normal purchase price Total Checkouts Full call number Barcode Date last seen Cost, replacement price Price effective from Koha item type Source of acquisition
        CRC Fr. Agnel's C.Rodrigues College of Engineering Fr. Agnel's C.Rodrigues College of Engineering   17/03/2023 208.80   1.6424 SCH 2606 17/03/2023 208.80 17/03/2023 BOOK  
        CRC Fr. Agnel's C.Rodrigues College of Engineering Fr. Agnel's C.Rodrigues College of Engineering   17/03/2023 878.24   7868 17/03/2023 878.24 17/03/2023 BOOK global books